Loading...
| Science - Physics | 0 | 6 | 0 | 5 | 60 | 75 | 118.83 | 1 | 6 | 0.00 | 0.00 |
| Philosophy | 0 | 6 | 0 | 0 | 60 | 46 | 80.33 | 2 | 6 | 0.00 | 0.00 |
| Literature - World | 0 | 4 | 0 | 0 | 40 | 25 | 74.25 | 2 | 4 | 0.00 | 0.00 |
| Literature - European | 0 | 4 | 1 | 0 | 35 | 46 | 91.00 | 1 | 4 | 0.00 | 0.00 |
| Science - Other | 0 | 3 | 0 | 0 | 30 | 85 | 96.67 | 0 | 3 | 0.00 | 0.00 |
| Fine Arts - Painting and Sculpture | 0 | 3 | 0 | 0 | 30 | 86 | 105.67 | 1 | 3 | 0.00 | 0.00 |
| Literature - American | 0 | 3 | 0 | 1 | 30 | 85 | 109.67 | 1 | 3 | 0.00 | 0.00 |
| Literature - British | 0 | 3 | 0 | 1 | 30 | 119 | 138.67 | 0 | 3 | 0.00 | 0.00 |
| Mythology | 0 | 4 | 2 | 1 | 30 | 85 | 108.75 | 2 | 4 | 0.00 | 0.00 |
| Social Science | 0 | 2 | 0 | 1 | 20 | 110 | 111.50 | 0 | 2 | 0.00 | 0.00 |
| Science - Biology | 0 | 3 | 2 | 1 | 20 | 99 | 107.67 | 1 | 3 | 0.00 | 0.00 |
| Science - Chemistry | 0 | 2 | 0 | 0 | 20 | 97 | 103.50 | 0 | 2 | 0.00 | 0.00 |
| Fine Arts - Classical Music | 0 | 1 | 0 | 0 | 10 | 137 | 137.00 | 0 | 1 | 0.00 | 0.00 |
| Religion | 0 | 1 | 0 | 0 | 10 | 136 | 136.00 | 1 | 1 | 0.00 | 0.00 |
| Geography | 0 | 1 | 0 | 0 | 10 | 130 | 130.00 | 0 | 1 | 0.00 | 0.00 |
| History - European | 0 | 1 | 0 | 0 | 10 | 123 | 123.00 | 0 | 1 | 0.00 | 0.00 |
| History - American | 0 | 1 | 0 | 0 | 10 | 102 | 102.00 | 0 | 1 | 0.00 | 0.00 |
| Other Academic | 0 | 1 | 0 | 0 | 10 | 110 | 110.00 | 0 | 1 | 0.00 | 0.00 |
| Pop Culture | 0 | 0 | 1 | 0 | -5 | 0.00 | 0 | 0 | 0.00 | 0.00 |